000 00504 a2200157 4500
999 _c2787
_d2787
020 _a9788131302569
050 _aLB 1055 UPA 2010
100 _aUpadhya, Brijesh
_eAuthor
245 _aAdvanced educational psychology /
_cBrijesh Upadhya and Yogesh Kumar Singh
264 _aNew Delhi:
_bAPH Publications,
_c2010
300 _a320p. :
_bill.
500 _aIncludes references and suggested readings
650 _aEducational psychology
700 _aSingh, Yogesh Kumar
942 _2lcc
_cBK
_h1055
_iUPA
_k2010